000 01034nab a22002537a 4500
007 ta
008 230112e20240112xxk||||o |||| 00| 0 eng d
041 _aeng
100 _aLemen, Jen
110 _94900
_aRoyal Institution of Chartered Surveyors
245 _aAn A–Z of inclusive environments for APC
_c[electronic resource]
260 _bRoyal Institution of Chartered Surveyors,
_c12 January 2024
490 _aRICS Property Journal,
_v12 January 2024
520 _aEnsuring an accessible built environment is as much an ethical obligation as a legal requirement. What do candidates need to know to complete the mandatory competency of inclusive environments?
650 _aACCESSIBILITY
650 _aAPC
650 _aBUILT ENVIRONMENT
650 _aEQUALITY ACT 2010
650 _aINCLUSIVITY
651 _aInternational
690 _aBuilt Environment
_96307
700 _aLemen, Jen
856 _uhttps://ww3.rics.org/uk/en/journals/property-journal/inclusive-environments-apc.html
_zAvailable from RICS journals
999 _c121853
_d121853